Online katalóg knižníc regiónu Turca

Knieža Rastic (Record no. 20961)

MARC details
000 -LEADER
fixed length control field 01716cam a2200457 a 4500
001 - CONTROL NUMBER
control field 20961
003 - CONTROL NUMBER IDENTIFIER
control field VRT
005 - DATE AND TIME OF LATEST TRANSACTION
control field 20260207122413.0
008 - FIXED-LENGTH DATA ELEMENTS--GENERAL INFORMATION
fixed length control field 251124s1952 xo 000 d slo
015 ## - NATIONAL BIBLIOGRAPHY NUMBER
National bibliography number SNBA19451955-011084
035 ## - SYSTEM CONTROL NUMBER
System control number SK01SNKBKSFS20020089630
035 ## - SYSTEM CONTROL NUMBER
System control number urn:nbn:sk:snk-am3i5kx
035 ## - SYSTEM CONTROL NUMBER
System control number 232E6551-EE3E-4BE3-929D-BBFA9D215D3E
035 ## - SYSTEM CONTROL NUMBER
System control number urn:nbn:sk:snk-am00dkvp
035 ## - SYSTEM CONTROL NUMBER
System control number SKM000092093
039 #9 - LEVEL OF BIBLIOGRAPHIC CONTROL AND CODING DETAIL [OBSOLETE]
Level of rules in bibliographic description 202511241304
Level of effort used to assign nonsubject heading access points VLOAD
Level of effort used to assign subject headings 202304032100
Level of effort used to assign classification VLOAD
Level of effort used to assign subject headings 202212050958
Level of effort used to assign classification VLOAD
Level of effort used to assign subject headings 202205110913
Level of effort used to assign classification VLOAD
040 ## - CATALOGING SOURCE
Original cataloging agency SNK
Language of cataloging slo
Transcribing agency SNK
Description conventions AACR2
041 0# - LANGUAGE CODE
Language code of text/sound track or separate title slo
044 ## - COUNTRY OF PUBLISHING/PRODUCING ENTITY CODE
MARC country code xo
ISO country code SK
080 ## - UNIVERSAL DECIMAL CLASSIFICATION NUMBER
Universal Decimal Classification number 885.4-2
Edition identifier 1981
100 1# - MAIN ENTRY--PERSONAL NAME
Personal name Smrčok, Ľubomír,
Dates associated with a name 1919-1970
Relationship aut
245 10 - TITLE STATEMENT
Title Knieža Rastic
Remainder of title dráma v troch dejstvách (štyroch obrazoch)
Statement of responsibility, etc. Ľubomír Smrčok
250 ## - EDITION STATEMENT
Edition statement 1. vyd.
260 ## - PUBLICATION, DISTRIBUTION, ETC.
Place of publication, distribution, etc. Martin
Name of publisher, distributor, etc. Matica slovenská
Date of publication, distribution, etc. 1952
Place of manufacture Martin
Manufacturer Stredoslovenské tlačiarne
300 ## - PHYSICAL DESCRIPTION
Extent 110, [1] s.
Dimensions
366 ## - TRADE AVAILABILITY INFORMATION
Note 3300 výtl.
490 1# - SERIES STATEMENT
Series statement Slovenské divadlo
Volume/sequential designation sv. 11
504 ## - BIBLIOGRAPHY, ETC. NOTE
Bibliography, etc. note Slovník menej známych slov, s. 107-108. Soznam kníh na štúdium doby, s. 108
655 #7 - INDEX TERM--GENRE/FORM
Genre/form data or focus term slovenské drámy
Source of term SNKPH
700 1# - ADDED ENTRY--PERSONAL NAME
Personal name Tvarožek, Eduard Vladimír,
Dates associated with a name 1920-1999
Relationship red
830 #0 - SERIES ADDED ENTRY--UNIFORM TITLE
Uniform title Slovenské divadlo
942 ## - ADDED ENTRY ELEMENTS (KOHA)
Source of classification or shelving scheme Dewey Decimal Classification
Koha item type Krásna literatúra pre dospelých
Suppress in OPAC No
949 ## - LOCAL PROCESSING INFORMATION (OCLC)
6 270001000620216
a svkbbS 45696
b svkbbm 40378
949 ## - LOCAL PROCESSING INFORMATION (OCLC)
6 273K0351959
a svkpoA 58556
b svkpo135686
949 ## - LOCAL PROCESSING INFORMATION (OCLC)
6 2889747415
a savukM 9862
949 ## - LOCAL PROCESSING INFORMATION (OCLC)
6 17A0350734
a snkSD 6707/11 D1
b snkD 1795/60
949 ## - LOCAL PROCESSING INFORMATION (OCLC)
6 17A0629350
a snkSD 6707/11 D2
b snkD 1374/62
949 ## - LOCAL PROCESSING INFORMATION (OCLC)
6 17A0912647
a snkSD 6707/11
b snk3556/52
o snkI. 356/52 - druhé ev. číslo
s 6100:20190510
949 ## - LOCAL PROCESSING INFORMATION (OCLC)
6 2889310308
a savukA 6533
o Pv 15342
Holdings
Stav vyradenia Strata Poškodenie Spôsob nadobudnutia Domovská knižnica Aktuálna knižnica Dátum nadobudnutia Total checkouts Čiarový kód exemplára Date last seen Typ exemplára Verejná poznámka
      Dar Obecná knižnica Horná Štubňa Obecná knižnica Horná Štubňa 07.02.2026   4736201132 07.02.2026 Krásna literatúra pre dospelých divadelná hra
Projekt je podporený Slovenskou asociáciou knižníc
Prevádzkuje Turčianska knižnica Martin 2026